000 00735nam a2200229 i 4500
001 115308
003 ES-MaACL
005 20251002201031.0
007 t|
008 070305q19011904sp |||| | spa d
080 _a860-6"19"
100 1 _aBenavente, Jacinto,
_d1866-1954
_927443
245 1 0 _aCartas de mujeres (primera serie) /
_cJacinto Benavente ; dibujos de R. Marín.
260 _aMadrid :
_bB. Rodríguez Serra,
_c[entre 1901 y 1904]
300 _a93 p. :
_bil. ;
_c13 cm.
490 1 _aBiblioteca Mignon ;
_v21
500 _aRetrato del autor.
700 1 _aMarín, Ricardo,
_d1874-1955
_976757
830 1 _aBiblioteca Mignon ;
_v21
_9186216
852 4 _aES-MaACL
_jF-1202(1)
999 _c115308
_d115308